<?xml version="1.0" encoding="UTF-8"?>
<collection xmlns="http://www.loc.gov/MARC21/slim">
 <record>
  <leader>01964nam a2200241Ia 4500</leader>
  <controlfield tag="001">CTU_208268</controlfield>
  <controlfield tag="008">210402s9999    xx            000 0 und d</controlfield>
  <datafield tag="020" ind1=" " ind2=" ">
   <subfield code="c">428000</subfield>
  </datafield>
  <datafield tag="082" ind1=" " ind2=" ">
   <subfield code="a">448.0076</subfield>
  </datafield>
  <datafield tag="082" ind1=" " ind2=" ">
   <subfield code="b">A116/B1</subfield>
  </datafield>
  <datafield tag="245" ind1=" " ind2="0">
   <subfield code="a">ABC Delf B1 :</subfield>
  </datafield>
  <datafield tag="245" ind1=" " ind2="0">
   <subfield code="b">200 exercices</subfield>
  </datafield>
  <datafield tag="245" ind1=" " ind2="0">
   <subfield code="c">Corinne Kober-Kleinert, Marie-Louise Parizet</subfield>
  </datafield>
  <datafield tag="260" ind1=" " ind2=" ">
   <subfield code="a">Paris</subfield>
  </datafield>
  <datafield tag="260" ind1=" " ind2=" ">
   <subfield code="b">CLE International</subfield>
  </datafield>
  <datafield tag="260" ind1=" " ind2=" ">
   <subfield code="c">2013</subfield>
  </datafield>
  <datafield tag="520" ind1=" " ind2=" ">
   <subfield code="a">ABC DELF B1 est destiné aux grands adolescents et adultes préparant les épreuves du Diplôme d'étude de la langue française (DELF) et existe pour chaque niveau du Cadre européen commun de référence pour les langues (CECR). ABC DELF B1, c'est une préparation complète et efficace aux épreuves du DELF B1. ABC DELF B1 est organisé autour des quatre compétences évaluées par le DELF :  Compréhension de l'oral,  compréhension des écrits,  Production orale  Production écrite. ABC DELF B1 propose un parcours permettant d'aborder les épreuves avec les meilleures chances de réussite :  Présentation et explication du déroulement des épreuves,  200 activités type DELF (50 par compétence),  Épreuves blanches DELF B1, pour se placer en situation d'examen,  Rappel des points de grammaire et du lexique essentiels pour ce niveau Les « plus » d'ABC DELF B1 : Un CD-mp3 inclus avec près de deux heures d'enregistrements sonores pour le travail de l'oral, Les corrigés et transcriptions inclus pour un travail en autonomie. À utiliser seul(e) ou en classe. Une version destinée aux juniors et aux scolaires est également disponible : ABC DELF Junior Scolaire, du A1 au B2.</subfield>
  </datafield>
  <datafield tag="526" ind1=" " ind2=" ">
   <subfield code="a">Pháp văn tăng cường 2 (*),Pháp văn tăng cường 3 (*)</subfield>
  </datafield>
  <datafield tag="526" ind1=" " ind2=" ">
   <subfield code="b">FL008,FL009</subfield>
  </datafield>
  <datafield tag="650" ind1=" " ind2=" ">
   <subfield code="a">French language,Tiếng Pháp</subfield>
  </datafield>
  <datafield tag="650" ind1=" " ind2=" ">
   <subfield code="x">Examinations, questions, etc,Kỳ thi, câu hỏi, vv</subfield>
  </datafield>
  <datafield tag="904" ind1=" " ind2=" ">
   <subfield code="i">Hải</subfield>
  </datafield>
  <datafield tag="980" ind1=" " ind2=" ">
   <subfield code="a">Trung tâm Học liệu Trường Đại học Cần Thơ</subfield>
  </datafield>
 </record>
</collection>
